| 000 | 00434nam a2200157Ia 4500 | ||
|---|---|---|---|
| 008 | 210716s2003 xx 000 0 und d | ||
| 020 | _a8178080095 | ||
| 041 | _aeng | ||
| 082 | _a004.22 HEUV | ||
| 100 | _aHeuring, Vincent P;Jordan, Harry F. | ||
| 245 | _aComputer systems design and architecture. | ||
| 250 | _a1 | ||
| 260 |
_aNew Delhi _bPearson Education _c2003 |
||
| 300 | _axvii,571 | ||
| 650 | _aComputer Arch., Org.(004.22) | ||
| 999 |
_c186182 _d186182 |
||